Retrouver les prénoms de 40 acteurs - Statistiques

Statistiques générales
  • Ce quiz a été pris 164 fois
  • Le résultat moyen est 23 sur 40
Statistiques - réponses
Par images Réponse % Correct
Leonardo Dicaprio
92%
Omar Sy
88%
Jean Dujardin
85%
Pierre Niney
83%
Marilyn Monroe
82%
Christian Clavier
79%
Jean-Paul Belmondo
78%
Marion Cotillard
78%
Tom Cruise
78%
Zendaya
77%
Angelina Jolie
76%
Jean Reno
74%
Tom Hanks
74%
Vincent Cassel
73%
Margot Robbie
72%
Jonathan Cohen
71%
Timothée Chalamet
71%
Alain Delon
70%
François Civil
69%
Tom Holland
68%
Gilles Lellouche
67%
Guillaume Canet
67%
Virginie Efira
67%
Adèle Exarchopoulos
63%
François Cluzet
56%
Jean-Pascal Zadi
50%
Leïla Bekhti
48%
Anne Hathaway
47%
Monica Belluci
47%
Hugh Grant
44%
Romy Schneider
44%
Adrien Brody
41%
Henry Cavill
33%
Florence pugh
32%
Renée Zellweger
29%
Joséphine Baker
19%
Theo James
17%
Halle Bailey
12%
Terrence Howard
5%
Taraji P. Henson
4%
Aucun quiz correspondant
Distribution des résultats
% des personnes avec chaque résultat
Percentile par nombre de réponses
Votre historique - résultats
Vous n’avez pas pris ce quiz